| 000 | 00991cab a2200193 4500 | ||
|---|---|---|---|
| 001 | ##L134088 | ||
| 008 | 060710n2006 000 0 eng u | ||
| 035 | _a(Sirsi) u134088 | ||
| 041 | 0 | _aeng | |
| 100 | 1 | _aMylius, Andrew | |
| 245 | 0 | 0 | _aThames' desalination plant enters choppy waters |
| 260 | _c2006 | ||
| 490 | 0 |
_aNew Civil Engineer _v(1629) 29 June 2006, 14-15(2) |
|
| 520 | _aLooks at Thames Water's proposals to build a desalination plant on the Thames estuary, which would use a reverse osmosis process. The plant is being opposed by the Mayor of London, Ken Livingstone, who argues that the company should instead curb leakages, harvest rainwater, and look at the reuse and purification of outflow from wastewater treatment plants. There are also concerns that the plant will contribute to global warming. Contains graphs, maps and tables. | ||
| 590 | _aIKA180706 | ||
| 651 | 4 | _aLONDON | |
| 690 | _aENVIRONMENTAL AND LAND CONSULTANCY-WATER RESOURCE MANAGEMENT | ||
| 942 | _n0 | ||
| 999 |
_c77366 _d77366 |
||